000 00837nam a22002297a 4500
003 UA-OsUOA
001 28162
007 ta
008 20040928b un ||||| |||| 00| 0 ukr d
090 _a81+82
_bМ34
942 _cBK
040 _aUA-OsUOA
_bukr
_cUA-OsUOA
_dUA-OsUOA
245 _aМатеріали першого українського симпозіуму з мовознавства і літератур країн Азійсько-Тихоокеанського регіону
_bЗбірник наукових праць
_cРед. В.Резаненко
300 _a109 с.
955 _a0
041 _aukr
080 _a81+82
260 _aКиїв
_bНаціональний університет "Києво-Могилянська академія "
_c1999
246 3 1 _aВип.1
_n
044 _aUA
650 7 _2UDC
999 _c314523
_d314523